The Feynman lectures on physics / (Record no. 157)

MARC details
000 -LEADER
fixed length control field 01567cam a22004577a 4500
001 - CONTROL NUMBER
control field 16481219
003 - CONTROL NUMBER IDENTIFIER
control field OSt
005 - DATE AND TIME OF LATEST TRANSACTION
control field 20250420134758.0
008 - FIXED-LENGTH DATA ELEMENTS--GENERAL INFORMATION
fixed length control field 100928t20112010nyua b 001 0 eng d
010 ## - LIBRARY OF CONGRESS CONTROL NUMBER
LC control number 2010938208
020 ## - INTERNATIONAL STANDARD BOOK NUMBER
International Standard Book Number 9780465023820 (set : hardback)
020 ## - INTERNATIONAL STANDARD BOOK NUMBER
International Standard Book Number 0465023827 (set : hardback)
020 ## - INTERNATIONAL STANDARD BOOK NUMBER
International Standard Book Number 9780465024148
020 ## - INTERNATIONAL STANDARD BOOK NUMBER
International Standard Book Number 9780465024162
020 ## - INTERNATIONAL STANDARD BOOK NUMBER
International Standard Book Number 9780465024179
035 ## - SYSTEM CONTROL NUMBER
System control number (OCoLC)ocn671704374
040 ## - CATALOGING SOURCE
Original cataloging agency BTCTA
Language of cataloging eng
Transcribing agency KCST
Modifying agency YDXCP
042 ## - AUTHENTICATION CODE
Authentication code lccopycat
050 00 - LIBRARY OF CONGRESS CALL NUMBER
Classification number QC23
Item number .F47 2011
082 ## - DEWEY DECIMAL CLASSIFICATION NUMBER
Classification number 530
Item number Fe Fe
100 1# - MAIN ENTRY--PERSONAL NAME
Personal name Feynman, Richard P.
Fuller form of name (Richard Phillips),
Dates associated with a name 1918-1988.
9 (RLIN) 609
245 14 - TITLE STATEMENT
Title The Feynman lectures on physics /
Statement of responsibility, etc. Feynman, Leighton, Sands.
246 30 - VARYING FORM OF TITLE
Title proper/short title Lectures on physics
250 ## - EDITION STATEMENT
Edition statement New millennium ed.
260 ## - PUBLICATION, DISTRIBUTION, ETC.
Place of publication, distribution, etc. New York :
Name of publisher, distributor, etc. Basic Books,
Date of publication, distribution, etc. [2011], c2010.
300 ## - PHYSICAL DESCRIPTION
Extent 3 v. :
Other physical details ill. ;
Dimensions 29 cm.
500 ## - GENERAL NOTE
General note Originally published 1963-1965.
500 ## - GENERAL NOTE
General note New edition features improved typography, figures and tables, expanded indexes, and 885 new corrections.
504 ## - BIBLIOGRAPHY, ETC. NOTE
Bibliography, etc. note Includes bibliographical references and indexes.
505 0# - FORMATTED CONTENTS NOTE
Formatted contents note v. 1. Mainly mechanics, radiation, and heat -- v. 2. Mainly electromagnetism and matter -- v. 3. Quantum mechanics.
650 #0 - SUBJECT ADDED ENTRY--TOPICAL TERM
Topical term or geographic name entry element Physics.
9 (RLIN) 3
650 #0 - SUBJECT ADDED ENTRY--TOPICAL TERM
Topical term or geographic name entry element Mechanics.
9 (RLIN) 610
650 #0 - SUBJECT ADDED ENTRY--TOPICAL TERM
Topical term or geographic name entry element Radiation.
9 (RLIN) 611
650 #0 - SUBJECT ADDED ENTRY--TOPICAL TERM
Topical term or geographic name entry element Thermodynamics.
9 (RLIN) 612
650 #0 - SUBJECT ADDED ENTRY--TOPICAL TERM
Topical term or geographic name entry element Electromagnetism.
9 (RLIN) 613
650 #0 - SUBJECT ADDED ENTRY--TOPICAL TERM
Topical term or geographic name entry element Quantum theory.
9 (RLIN) 358
700 1# - ADDED ENTRY--PERSONAL NAME
Personal name Leighton, Robert B.
9 (RLIN) 614
700 1# - ADDED ENTRY--PERSONAL NAME
Personal name Sands, Matthew L.
Fuller form of name (Matthew Linzee)
9 (RLIN) 615
942 ## - ADDED ENTRY ELEMENTS (KOHA)
Koha item type Book
942 ## - ADDED ENTRY ELEMENTS (KOHA)
Source of classification or shelving scheme Dewey Decimal Classification
Holdings
Withdrawn status Lost status Source of classification or shelving scheme Materials specified (bound volume or other part) Damaged status Not for loan Home library Current library Date acquired Cost, normal purchase price Total checkouts Full call number Barcode Date last seen Price effective from Koha item type Source of acquisition
    Dewey Decimal Classification vol.1     KCST Library KCST Library 28/11/2019 62.64   530 Fe Fe 1000000255 28/11/2019 28/11/2019 Book  
    Dewey Decimal Classification vol.1     KCST Library KCST Library 28/11/2019 62.64   530 Fe Fe 1000000256 28/11/2019 28/11/2019 Book  
    Dewey Decimal Classification vol.1     KCST Library KCST Library 28/11/2019 0.00   530 Fe Fe 1000000257 28/11/2019 28/11/2019 Book Unknown
    Dewey Decimal Classification vol..2     KCST Library KCST Library 28/11/2019 62.64   530 Fe Fe 1000000258 28/11/2019 28/11/2019 Book  
    Dewey Decimal Classification vol..2     KCST Library KCST Library 28/11/2019 62.64   530 Fe Fe 1000000259 28/11/2019 28/11/2019 Book  
    Dewey Decimal Classification vol..2     KCST Library KCST Library 28/11/2019 0.00   530 Fe Fe 1000000260 28/11/2019 28/11/2019 Book Unknown
    Dewey Decimal Classification vol.3     KCST Library KCST Library 28/11/2019 62.64   530 Fe Fe 1000000261 28/11/2019 28/11/2019 Book  
    Dewey Decimal Classification vol.3     KCST Library KCST Library 28/11/2019 62.64   530 Fe Fe 1000000262 28/11/2019 28/11/2019 Book  
    Dewey Decimal Classification vol.3     KCST Library KCST Library 28/11/2019 0.00   530 Fe Fe 1000000263 28/11/2019 28/11/2019 Book Unknown
© 2025 KCST. All rights reserved